Statistics for Unscrambling Website - Languages and Capitals

Click here to take the quiz!

General Stats

  • This quiz has been taken 11 times
  • The average score is 16 of 30

Answer Stats

WordAnagram(Language)% Correct
acrbiaArabic
100%
prtgsouueePortuguese
89%
ideaonsinIndonesian
78%
mdraanrinMandarin
78%
gltgaao/flpniiioTagalog/Filipino
78%
tkrusihTurkish
78%
hisgenlEnglish
67%
fhnercFrench
67%
hwrbeeHebrew
67%
jpeasaneJapanese
67%
hsinsapSpanish
67%
duurUrdu
67%
thsenaAthens/Greece
56%
rishiIrish
56%
nkluufoaaNuku'Alofa/Tonga
56%
shlipoPolish
56%
vnneiaVienna/Austria
56%
blurssseBrussels/Belgium
44%
scntaoeeCantonese
44%
htdcuDutch
44%
ouaaouougdguOuagadougou/Burkina Faso
44%
ymsskraououoYamoussoukro/Cote D'ivoire/Ivory Coast
44%
fmlshieFlemish
33%
iiltbisTbilisi/Georgia
33%
jeesvaanJavanese
22%
kroaumhtKhartoum/Sudan
22%
njmeadnN'Djamena/Chad
22%
nuumdgrelNgerulmud/Palau
22%
loceerCreole
11%
kpistoniTok Pisin
0%

Score Distribution

Percentile by Number Answered

Percent of People with Each Score

Your Score History

You have not taken this quiz